Dying Fetus Songs - Statistics

General Stats
  • This quiz has been taken 15 times
  • The average score is 15 of 98
Answer Stats
Album Song % Correct
Reign Supreme (2012) In the Trenches
83%
Grotesque Impalement (2000) Grotesque Impalement
75%
Stop at Nothing (2003) Stop at Nothing
75%
Wrong One to Fuck With (2017) Wrong One to Fuck With
75%
Destroy the Opposition (2000) Destroy the Opposition
67%
Killing on Adrenaline (1998) Killing on Adrenaline
67%
Killing on Adrenaline (1998) Kill Your Mother / Rape Your Dog
67%
Reign Supreme (2012) From Womb to Waste
58%
Reign Supreme (2012) Subjected to a Beating
58%
Grotesque Impalement (2000) Bring Back the Glory
42%
Destroy the Opposition (2000) Epidemic of Hate
42%
Destroy the Opposition (2000) Praise the Lord (Opium of the Masses)
42%
Reign Supreme (2012) The Blood of Power
42%
Make Them Beg for Death (2023) Throw Them In the Van
42%
Destroy the Opposition (2000) Born In Sodom
33%
Descend Into Depravity (2009) Descend Into Depravity
33%
Stop at Nothing (2003) One Shot, One Kill
33%
War of Attrition (2007) Raping the System
33%
Stop at Nothing (2003) Schematics
33%
Make Them Beg for Death (2023) Compulsion for Cruelty
25%
Killing on Adrenaline (1998) Intentional Manslaughter
25%
Destroy the Opposition (2000) Pissing In the Mainstream
25%
Reign Supreme (2012) Second Skin
25%
Grotesque Impalement (2000) Streaks of Blood
25%
Grotesque Impalement (2000) Tearing Inside the Womb
25%
Descend Into Depravity (2009) Your Treachery Will Die With You
25%
Purification Through Violence (1996) Beaten Into Submission
17%
Purification Through Violence (1996) Blunt Force Trauma
17%
War of Attrition (2007) Fate of the Condemned
17%
Grotesque Impalement (2000) Hail Mighty North / Forest Trolls of Satan (Anno Clitoris 666, Opus 11)
17%
Reign Supreme (2012) Invert the Idols
17%
Killing on Adrenaline (1998) Judgement Day
17%
Destroy the Opposition (2000) Justifiable Homicide
17%
Purification Through Violence (1996) Skull Fucked
17%
Make Them Beg for Death (2023) When the Trend Ends
17%
Bonus Tracks Born In a Casket
8%
Reign Supreme (2012) Devout Atrocity
8%
Reign Supreme (2012) Dissidence
8%
Make Them Beg for Death (2023) Feast of Ashes
8%
Grotesque Impalement (2000) Final Scream (Prelude to Evil: Davey's Nightmare)
8%
Wrong One to Fuck With (2017) Fixated on Devastation
8%
Destroy the Opposition (2000) For Us or Against Us
8%
Bonus Tracks Gorehog
8%
War of Attrition (2007) Homicidal Retribution
8%
Purification Through Violence (1996) Nocturnal Crucifixion
8%
Stop at Nothing (2003) Onslaught of Malice
8%
Killing on Adrenaline (1998) Procreate the Malformed
8%
Purification Through Violence (1996) Raped on the Altar
8%
Reign Supreme (2012) Revisionist Past
8%
War of Attrition (2007) Unadulterated Hatred
8%
Wrong One to Fuck With (2017) Weaken the Structure
8%
Bonus Tracks Your Blood Is My Wine
8%
Stop at Nothing (2003) Abandon All Hope
0%
Killing on Adrenaline (1998) Absolute Defiance
0%
Bonus Tracks ...And the Weak Shall Be Crushed
0%
Descend Into Depravity (2009) Atrocious by Nature
0%
Descend Into Depravity (2009) At What Expense?
0%
Bonus Tracks Bathe In Entrails
0%
Descend Into Depravity (2009) Conceived Into Enslavement
0%
Reign Supreme (2012) Dead Whores Love to Fuck
0%
Wrong One to Fuck With (2017) Die With Integrity
0%
Make Them Beg for Death (2023) Enlighten Through Agony
0%
Descend Into Depravity (2009) Ethos of Coercion
0%
Bonus Tracks Eviscerated Offspring
0%
Wrong One to Fuck With (2017) Fallacy
0%
Stop at Nothing (2003) Forced Elimination
0%
Killing on Adrenaline (1998) Fornicate Terrorists
0%
Make Them Beg for Death (2023) Hero's Grave
0%
Descend Into Depravity (2009) Hopeless Insurrection
0%
Wrong One to Fuck With (2017) Ideological Subjugation
0%
Wrong One to Fuck With (2017) Induce Terror
0%
War of Attrition (2007) Insidious Repression
0%
Stop at Nothing (2003) Institutions of Deceit
0%
Destroy the Opposition (2000) In Times of War
0%
Purification Through Violence (1996) Nothing Left to Pray For
0%
War of Attrition (2007) Obsolete Deterrence
0%
Wrong One to Fuck With (2017) Panic Amongst the Herd
0%
War of Attrition (2007) Parasites of Catastrophe
0%
Purification Through Violence (1996) Permanently Disfigured
0%
Bonus Tracks Purged of My Worldly Being
0%
Make Them Beg for Death (2023) Raised In Victory / Razed In Defeat
0%
Wrong One to Fuck With (2017) Reveling In the Abyss
0%
Bonus Tracks Rohypnol
0%
Wrong One to Fuck With (2017) Seething With Disdain
0%
Descend Into Depravity (2009) Shepherd's Commandment
0%
Purification Through Violence (1996) Skum (Fuck the Weak)
0%
Make Them Beg for Death (2023) Subterfuge
0%
War of Attrition (2007) The Ancient Rivalry
0%
Bonus Tracks Twisted Truth
0%
Make Them Beg for Death (2023) Unbridled Fury
0%
Bonus Tracks Unchallenged Hate
0%
Make Them Beg for Death (2023) Undulating Carnage
0%
Bonus Tracks Unleashed Upon Mankind
0%
Wrong One to Fuck With (2017) Unmitigated Detestation
0%
Stop at Nothing (2003) Vengeance Unleashed
0%
Bonus Tracks Vomiting the Fetal Embryo
0%
Killing on Adrenaline (1998) We Are Your Enemy
0%
Bonus Tracks Wretched Flesh Consumption
0%
No matching quizzes found
Score Distribution
Percent of People with Each Score
Percentile by Number Answered
Your Score History
You have not taken this quiz